Countries with embassies and consulates in Indonesia - Statistics

General Stats
  • This quiz has been taken 79 times
  • The average score is 92 of 113
Answer Stats
Continent Country % Correct
Asia Japan
96%
Europe United Kingdom
96%
North America United States of America
96%
South America Argentina
95%
Asia China
95%
Asia Malaysia
95%
Asia/ Europe Russia
95%
Asia South Korea
95%
Oceania Australia
93%
South America Brazil
93%
North America Canada
93%
Asia Laos
93%
Europe France
91%
North America Mexico
91%
Oceania New Zealand
91%
Africa South Africa
91%
Asia/ Europe Turkey
91%
Europe Austria
89%
Asia Cambodia
89%
Africa Egypt
89%
Asia India
89%
Asia North Korea
89%
Asia Oman
89%
Asia Pakistan
89%
Europe Spain
89%
Asia Thailand
89%
Europe the Netherlands
89%
Asia Yemen
89%
Asia Armenia
88%
Asia Azerbaijan
88%
Europe Belgium
88%
Europe Germany
88%
Asia Iran
88%
Europe Ireland
88%
Asia Kazakhstan
88%
Europe Portugal
88%
Asia Singapore
88%
Europe Sweden
88%
Europe Albania
86%
Africa Algeria
86%
Asia Bahrain
86%
Asia Brunei
86%
South America Colombia
86%
North America Cuba
86%
Asia Iraq
86%
Europe Italy
86%
Oceania Papua New Guinea
86%
South America Peru
86%
Europe Poland
86%
Asia Qatar
86%
Europe Romania
86%
Europe Switzerland
86%
Asia the Philippines
86%
Asia United Arab Emirates
86%
South America Venezuela
86%
South America Chile
84%
Europe Greece
84%
Africa Morocco
84%
Europe Norway
84%
Europe Ukraine
84%
Asia Uzbekistan
84%
Asia Vietnam
84%
Asia Afghanistan
82%
Asia Bangladesh
82%
Europe Belarus
82%
Europe Bosnia and Herzegovina
82%
Europe Croatia
82%
Africa Ethiopia
82%
Europe Finland
82%
Asia Jordan
82%
Asia Saudi Arabia
82%
Asia Syria
82%
Europe Bulgaria
81%
Oceania Fiji
81%
Asia Mongolia
81%
Asia Myanmar
81%
Africa Nigeria
81%
Europe Serbia
81%
Asia Timor Leste
81%
Africa Tunisia
81%
Europe Czech Republic
79%
Europe Hungary
79%
Asia Kuwait
79%
South America Suriname
79%
Europe Vatican City
79%
Europe Estonia
77%
Asia Georgia
77%
Europe Slovakia
77%
Asia Sri Lanka
77%
Africa Sudan
77%
Europe Cyprus
75%
Europe Denmark
75%
South America Ecuador
75%
Asia Lebanon
75%
North America Panama
75%
Europe Latvia
74%
Africa Somalia
74%
Africa Zimbabwe
74%
Europe Luxembourg
70%
Europe North Macedonia
68%
Asia Palestine
68%
Europe Malta
65%
North America Costa Rica
60%
Africa Mauritania
60%
Africa Mozambique
60%
North America Jamaica
58%
Europe San Marino
58%
Oceania Solomon Islands
58%
Europe Monaco
54%
Africa Namibia
54%
Africa Burkina Faso
47%
Africa Gambia
46%
Africa Seychelles
33%
No matching quizzes found
Score Distribution
Percent of People with Each Score
Percentile by Number Answered
Your Score History
You have not taken this quiz